[Event "CZE-chT2e 0506"]
[Site "Czech Republic"]
[Date "2006.03.26"]
[Round "10.5"]
[White "Pukl, Rostislav"]
[Black "Navratilik, Pavel"]
[Result "1/2-1/2"]
[WhiteElo "1904"]
[BlackElo "2097"]
[PlyCount "122"]
[EventDate "2005.10.16"]
[EventType "team"]
[EventRounds "11"]
[EventCountry "CZE"]
[SourceTitle "EXT 2008"]
[Source "ChessBase"]
[SourceDate "2007.11.25"]
[SourceVersion "1"]
[SourceVersionDate "2007.11.25"]
[SourceQuality "1"]

1. e4 c5 2. Nf3 g6 3. d4 cxd4 4. Nxd4 Bg7 5. c4 Qb6 6. Nb3 d6 7. Be2 Nd7 8. 0-0 Nc5 9. Qc2 Nf6 10. Nc3 Be6 11. Be3 Ng4 12. Bxg4 Bxg4 13. Nd5 Qc6 14. Nd4 Qd7 15. Nb5 0-0 16. f3 Be6 17. Ndc7 Rac8 18. Nxe6 Nxe6 19. Nxa7 Ra8 20. Nb5 Rfc8 21. a4 Nc5 22. Ra3 f5 23. b4 Na6 24. Qb3 Qe6 25. exf5 Qxc4 26. fxg6 hxg6 27. Bg5 Kf7 28. Re1 Be5 29. Re4 Qxb3 30. Rxb3 Rc2 31. f4 Bf6 32. Bxf6 Kxf6 33. Rbe3 Nc7 34. Nxc7 Rxc7 35. a5 Rh8 36. h3 Rh5 37. Re6+ Kf7 38. g4 Rb5 39. R6e4 d5 40. Re5 Rxb4 41. f5 g5 42. Rxd5 Rc1+ 43. Kg2 Rc2+ 44. Kg3 Rbb2 45. Rd7 Rg2+ 46. Kf3 Rgf2+ 47. Ke4 Rf4+ 48. Ke5 Rb5+ 49. Rd5 Rxd5+ 50. Kxd5 Ra4 51. Kc5 Rxa5+ 52. Kb6 Ra1 53. Kxb7 Rc1 54. Re6 Rc3 55. Rh6 Kg7 56. Rg6+ Kf7 57. Rxg5 Rxh3 58. Kc6 e6 59. Kd6 exf5 60. Rxf5+ Kg6 61. Ke5 Rh1 1/2-1/2

[Event "CZE-chT2e 0506"]
[Site "Czech Republic"]
[Date "2006.02.12"]
[Round "7.5"]
[White "Pukl, Rostislav"]
[Black "Havranek, Michal"]
[Result "0-1"]
[WhiteElo "1904"]
[BlackElo "2026"]
[PlyCount "78"]
[EventDate "2005.10.16"]
[EventType "team"]
[EventRounds "11"]
[EventCountry "CZE"]
[SourceTitle "EXT 2008"]
[Source "ChessBase"]
[SourceDate "2007.11.25"]
[SourceVersion "1"]
[SourceVersionDate "2007.11.25"]
[SourceQuality "1"]

1. e4 c6 2. d4 d5 3. Nc3 dxe4 4. Nxe4 Bf5 5. Ng3 Bg6 6. h4 h6 7. Nf3 Nd7 8. h5 Bh7 9. Bd3 Bxd3 10. Qxd3 Qc7 11. Rh4 e6 12. Bf4 Bd6 13. Bxd6 Qxd6 14. Ne4 Qe7 15. Qa3 Qxa3 16. bxa3 Ke7 17. Rb1 b6 18. Ne5 Nxe5 19. dxe5 f6 20. f4 Rd8 21. Nd6 Kf8 22. c4 Ne7 23. a4 Nc8 24. a5 Nxd6 25. exd6 Rxd6 26. c5 Rd5 27. axb6 axb6 28. cxb6 Kf7 29. Rh3 Rb8 30. a4 Ra5 31. Rc3 Rxh5 32. Rb4 c5 33. Rb5 Rh2 34. Kf2 Rh4 35. g3 Rh2+ 36. Kf3 Rd8 37. b7 Rdd2 38. Re3 Rhf2+ 39. Kg4 f5+ 0-1

[Event "CZE-chT2e 0506"]
[Site "Czech Republic"]
[Date "2005.12.04"]
[Round "4.4"]
[White "Pukl, Rostislav"]
[Black "Zatloukal, Petr"]
[Result "0-1"]
[WhiteElo "1904"]
[BlackElo "2097"]
[PlyCount "70"]
[EventDate "2005.10.16"]
[EventType "team"]
[EventRounds "11"]
[EventCountry "CZE"]
[SourceTitle "EXT 2008"]
[Source "ChessBase"]
[SourceDate "2007.11.25"]
[SourceVersion "1"]
[SourceVersionDate "2007.11.25"]
[SourceQuality "1"]

1. e4 c5 2. Nf3 Nc6 3. d4 cxd4 4. Nxd4 g6 5. Be3 Bg7 6. Nc3 Nf6 7. Qd2 0-0 8. f3 d5 9. Nxc6 bxc6 10. 0-0-0 Qa5 11. Nxd5 Qxd2+ 12. Rxd2 cxd5 13. exd5 Bb7 14. c4 Rfc8 15. Kb1 a5 16. b3 Ba6 17. c5 Bxf1 18. Rxf1 Rab8 19. Rd3 a4 20. Kc2 axb3+ 21. axb3 Nd7 22. c6 Ne5 23. Rc3 f5 24. Rd1 Ra8 25. b4 Ra2+ 26. Kb3 Rca8 27. Bc1 Nf7 28. Rc2 Ra1 29. c7 Nd6 30. b5 Rb1+ 31. Bb2 Rxd1 32. b6 Rxd5 33. Rc6 Rb5+ 34. Kc2 Rxb2+ 35. Kd3 Ra3+ 0-1

[Event "CZE-chT2e 0506"]
[Site "Czech Republic"]
[Date "2005.10.16"]
[Round "1.5"]
[White "Pukl, Rostislav"]
[Black "Vavra, Pavel"]
[Result "1/2-1/2"]
[WhiteElo "1904"]
[BlackElo "2171"]
[PlyCount "128"]
[EventDate "2005.10.16"]
[EventType "team"]
[EventRounds "11"]
[EventCountry "CZE"]
[SourceTitle "EXT 2008"]
[Source "ChessBase"]
[SourceDate "2007.11.25"]
[SourceVersion "1"]
[SourceVersionDate "2007.11.25"]
[SourceQuality "1"]

1. e4 c5 2. Nf3 e6 3. d4 cxd4 4. Nxd4 a6 5. Nc3 Qc7 6. Be2 Nf6 7. 0-0 Nc6 8. Be3 b5 9. Nxc6 dxc6 10. Qd3 Bb7 11. Rad1 Be7 12. Bc1 Rd8 13. Qe3 Rxd1 14. Rxd1 0-0 15. f4 c5 16. Bf3 c4 17. Kh1 Bc5 18. Qe2 Rd8 19. a3 Rxd1+ 20. Qxd1 Qd7 21. Qxd7 Nxd7 22. e5 Bxf3 23. gxf3 f5 24. Nd1 Kf7 25. Kg2 Kg6 26. Bd2 Kh5 27. Nf2 Bd4 28. Nd1 g5 29. fxg5 Bxe5 30. f4 Bd4 31. h3 Ba7 32. Nc3 Bd4 33. b3 cxb3 34. cxb3 Nc5 35. b4 Nd3 36. Nd1 Nb2 37. Ne3 Bxe3 38. Bxe3 Nc4 39. Bc1 h6 40. gxh6 Kxh6 41. h4 Kh5 42. Kg3 Nd6 43. Bb2 Ne4+ 44. Kh3 Nd2 45. Kg3 Nc4 46. Bc1 a5 47. bxa5 Nxa5 48. Bd2 Nc6 49. Bc3 Kg6 50. Kf3 Kh5 51. Kg3 Ne7 52. Be5 Nc6 53. Bc3 Ne7 54. Be5 Nd5 55. Bd6 Nc3 56. Be5 Ne4+ 57. Kh3 Nd2 58. Bc3 Nb3 59. Bf6 Nd2 60. Bc3 Nc4 61. Bb4 Nb2 62. Bd6 Nc4 63. Bb4 Nb2 64. Bd6 Nc4 1/2-1/2

[Event "Stare Mesto op"]
[Site "Stare Mesto"]
[Date "2005.08.12"]
[Round "1"]
[White "Pukl, Rostislav"]
[Black "Vass, Frantisek"]
[Result "0-1"]
[WhiteElo "1891"]
[BlackElo "2287"]
[PlyCount "52"]
[EventDate "2005.08.12"]
[EventType "swiss"]
[EventRounds "9"]
[EventCountry "CZE"]
[SourceTitle "EXT 2006"]
[Source "ChessBase"]
[SourceDate "2005.11.24"]
[SourceVersion "1"]
[SourceVersionDate "2005.11.24"]
[SourceQuality "1"]

1. e4 d5 2. exd5 Qxd5 3. Nc3 Qa5 4. d4 c6 5. Nf3 Bg4 6. Bd2 Nf6 7. Ne4 Qc7 8. Nxf6+ exf6 9. Be2 Bd6 10. Nh4 Be6 11. g3 Nd7 12. Bf3 0-0-0 13. 0-0 g5 14. Ng2 h5 15. Bxh5 Rh7 16. f4 Rdh8 17. Bg4 f5 18. Be2 Rxh2 19. c4 Nf6 20. b4 Ne4 21. Nh4 Rh3 22. Be1 gxh4 23. d5 hxg3 24. dxe6 Rh1+ 25. Kg2 R8h2+ 26. Kf3 g2 0-1

[Event "Olexa Memorial op-A"]
[Site "Brno"]
[Date "2004.??.??"]
[Round "7"]
[White "Berisha, Fadil"]
[Black "Pukl, Rostislav"]
[Result "1/2-1/2"]
[WhiteElo "2075"]
[BlackElo "1905"]
[PlyCount "104"]
[EventDate "2004.12.??"]
[EventType "swiss"]
[EventRounds "7"]
[EventCountry "CZE"]
[SourceTitle "EXT 2007"]
[Source "ChessBase"]
[SourceDate "2006.11.23"]
[SourceVersion "1"]
[SourceVersionDate "2006.11.23"]
[SourceQuality "1"]

1. e4 e5 2. Bc4 Nf6 3. Nf3 Nxe4 4. Nc3 Nxc3 5. dxc3 Be7 6. Nxe5 0-0 7. Qf3 Bf6 8. Ng4 c6 9. Nxf6+ Qxf6 10. Qxf6 gxf6 11. Be3 d5 12. Bd3 Be6 13. 0-0-0 Nd7 14. Bh6 Rfe8 15. h3 Rad8 16. Rhe1 Ne5 17. Re3 Nxd3+ 18. cxd3 Kh8 19. Rde1 Rg8 20. g3 d4 21. Rf3 Rg6 22. Bd2 Kg7 23. Kc2 Bxh3 24. Rf4 dxc3 25. bxc3 Be6 26. Rh4 Rd5 27. c4 Rf5 28. Bf4 Ra5 29. Kb2 b5 30. Reh1 bxc4 31. Rxh7+ Kf8 32. Bd6+ Ke8 33. dxc4 Bxc4 34. a3 Kd7 35. Rd1 Bd5 36. Bb4 Rb5 37. Rxf7+ Ke6 38. Re7+ Kf5 39. Rxa7 Rg4 40. Rd2 Rc4 41. Ra5 Bf3 42. Rc2 Rxc2+ 43. Kxc2 Ke4 44. Ra6 c5 45. Bc3 f5 46. a4 Rb7 47. a5 Be2 48. Rb6 Rxb6 49. axb6 Ba6 50. Bd2 Kd5 51. Bf4 Kc6 52. Bc7 Be2 1/2-1/2

[Event "Olexa Memorial op-A"]
[Site "Brno"]
[Date "2004.??.??"]
[Round "6"]
[White "Pukl, Rostislav"]
[Black "Molnar, Jiri"]
[Result "0-1"]
[WhiteElo "1905"]
[BlackElo "1902"]
[PlyCount "56"]
[EventDate "2004.12.??"]
[EventType "swiss"]
[EventRounds "7"]
[EventCountry "CZE"]
[SourceTitle "EXT 2007"]
[Source "ChessBase"]
[SourceDate "2006.11.23"]
[SourceVersion "1"]
[SourceVersionDate "2006.11.23"]
[SourceQuality "1"]

1. e4 e6 2. d4 d5 3. Nc3 dxe4 4. Nxe4 Nd7 5. Nf3 Ngf6 6. Nxf6+ Nxf6 7. Be2 b6 8. Ne5 Bb7 9. Bb5+ c6 10. Be2 Qc7 11. 0-0 Bd6 12. Nf3 0-0 13. c3 Rfd8 14. Qc2 Rd7 15. Bg5 Ng4 16. h3 Nh2 17. Nxh2 Bxh2+ 18. Kh1 h6 19. Be3 c5 20. dxc5 bxc5 21. Bxc5 Bf4 22. Be3 Rad8 23. Rad1 Bd5 24. c4 Be5 25. b3 Qc6 26. f3 Bb8 27. Qc1 Qc7 28. cxd5 Qh2# 0-1

[Event "Olexa Memorial op-A"]
[Site "Brno"]
[Date "2004.??.??"]
[Round "1"]
[White "Rehurek, Lukas"]
[Black "Pukl, Rostislav"]
[Result "1-0"]
[WhiteElo "2165"]
[BlackElo "1905"]
[PlyCount "41"]
[EventDate "2004.12.??"]
[EventType "swiss"]
[EventRounds "7"]
[EventCountry "CZE"]
[SourceTitle "EXT 2007"]
[Source "ChessBase"]
[SourceDate "2006.11.23"]
[SourceVersion "1"]
[SourceVersionDate "2006.11.23"]
[SourceQuality "1"]

1. e4 e5 2. Nf3 Nf6 3. d4 Nxe4 4. Bd3 d5 5. Nxe5 Nd7 6. Qe2 Nxe5 7. Bxe4 Bd6 8. dxe5 dxe4 9. exd6 Qxd6 10. Qxe4+ Be6 11. 0-0 0-0-0 12. Be3 Bd5 13. Qf5+ Be6 14. Qa5 b6 15. Qa6+ Kb8 16. Nc3 Bc8 17. Qc4 Bb7 18. Bf4 Qe7 19. Rfe1 Qd7 20. Rad1 Rhe8 21. Rxe8 1-0